000 00578nam a2200169Ia 4500
008 090711s9999 xx 000 0 und d
082 _b19401
100 _aफाटक भाऊ
245 _aदंतकथा जेव्हा सत्यकथा होते
260 _c1966
300 _a218
600 _aफाटक भाऊ
630 _aदंतकथा जेव्हा सत्यकथा होते
700 _aफाटक भाऊ
730 _aदंतकथा जेव्हा सत्यकथा होते
942 _cBOOK
999 _c283457
_d283457